000 00462nam a2200121Ia 4500
008 171212s9999 xx 000 0 und d
020 _a9781925261202
100 _aBourman, Robert P.;Murray-Wallace, Colin V.;Harvey, Nick
245 _cBourman, Robert P.;Murray-Wallace, Colin V.;Harvey, Nick
_aCoastal Landscapes of South Australia
260 _bUniversity of Adelaide Press
_c2016
650 _aGeology
856 _uhttp://jstor.org/stable/10.20851/j.ctt1sq5wk8
999 _c352909
_d352909